000 01105nam a22003137i 4500
003 EG-GICUC
005 20260211152246.0
008 260211s1954 us ||||fr|||| 000 0 eng d
020 _a9231924507
040 _aEG-GiCUC
_beng
_cEG-GiCUC
_dEG-GiCUC
_eRda
082 0 4 _221
_a341
_bCO
092 0 4 _221
099 _aLaw1 11 341 CO 1954
245 1 0 _aCollection Agency License Law :
_bof the State of California Administrative Procedure Act, Rules and Regulations And List of Licensed Collection Agencies /
_cFrank M. Jordan.
_n
264 1 _aLondon :
_bCompiled and Distributed by Frank M. Jordan Secretary of State Sacramento,
_c1954.
300 _a115page :
_billustration ;
_c 24 cm.
336 _2rda contenu
_a texte
337 _2rda medias
_aOrdinateur
338 _2 transporteur rda
_a Ressource en ligne
500 _a
504 _a
546 _aText in English
650 1 4 _aPublic international law
_2
651 1 _2
700 1 _aJordan, Frank M
_eCompiler.
856 4 0 _uhttps://fll.law.cu.edu.eg/fulltext/bks/B11-07493.pdf
905 _a50
942 _2ddc
_cBK
_e21
_n0
999 _c62639
_d62639